000 00619nam a22001931i 4500
001 183429
003 ES-MaACL
005 20260112153654.0
008 140416s1915 it |||| | ita d
100 1 _aCampanella, Tommaso (
_d1568-1639)
_934117
245 1 0 _aPoesie /
_cTommaso Campanella ; a cura di Giovanni Gentile.
260 _aBari :
_bGius. Laterza & Figli,
_c1915.
300 _a319 p. ;
_c21 cm.
490 1 _aScrittori d'Italia ;
_v70
700 1 _aGentile, Giovanni,
_d1875-1944
_956357
830 0 0 _aScrittori d'Italia
_v70
_9191925
852 _aES-MaACL
_jG-3771
999 _c183429
_d183429